Readings in Urdu : prose and poetry /

Gardado en:
Detalles Bibliográficos
Autor Principal: Naim, C. M.
Autor Corporativo: University of Chicago. South Asia Language & Area Center
Formato: Libro
Idioma:Urdu
Publicado: Honolulu : South Asia Language and Area Center, University of Chicago by East-West Center Press, [1965].
Series:C&T Asian languages series.
Subjects:
LEADER 00989nam a2200253 i 4500
001 c000241814
003 CARM
005 00000000000000.0
008 840306s1965 hiu 000 0 urd d
019 1 |a 10208948  |z 28313516  |5 LACONCORD2021 
035 |a (OCoLC)2683518  |5 LACONCORD2021 
041 0 |a urd 
082 0 4 |a 491.4398642 
100 1 |a Naim, C. M. 
245 1 0 |a Readings in Urdu :  |b prose and poetry /  |c by C.M. Naim. 
260 |a Honolulu :  |b South Asia Language and Area Center, University of Chicago by East-West Center Press,  |c [1965]. 
300 |a 396p. 
490 1 |a Asian language series 
650 0 |a Urdu language  |x Readers. 
710 2 |a University of Chicago.  |b South Asia Language & Area Center. 
830 0 |a C&T Asian languages series. 
852 8 |b CARM  |h A1:AQ25C0  |i F01884  |p 0368906  |f BK 
999 f f |i a37e4145-04c1-573b-88f9-9a502cadbab7  |s 9615db37-3b3e-5e89-ba03-bc4d73599c91 
952 f f |p Can circulate  |a CAVAL  |b CAVAL  |c CAVAL  |d CARM 1 Store  |e F01884  |f A1:AQ25C0  |h Other scheme  |i book  |m 0368906